[Event "Beijing Sportaccord blindfold"]
[Site "Beijing"]
[Date "2011.12.16"]
[Round "6"]
[White "Giri, Anish"]
[Black "Kamsky, Gata"]
[Result "0-1"]
[WhiteElo "2714"]
[BlackElo "2732"]
[PlyCount "132"]
[EventDate "2011.12.14"]
[EventType "swiss (rapid)"]
[EventRounds "7"]
[EventCountry "CHN"]
[SourceTitle "CBM 145 Extra"]
[Source "ChessBase"]
[SourceDate "2012.01.03"]
[SourceVersion "1"]
[SourceVersionDate "2012.01.03"]
[SourceQuality "1"]

1. d4 d5 2. c4 c6 3. Nf3 Nf6 4. Nc3 a6 5. e3 g6 6. Bd3 Bg7 7. O-O O-O 8. Qc2
Bg4 9. Ne5 Be6 10. c5 Nbd7 11. Nxd7 Qxd7 12. Na4 Qc7 13. f4 Ng4 14. Nb6 Rae8
15. b4 Nh6 16. a4 Bf5 17. b5 axb5 18. axb5 Bxd3 19. Qxd3 f6 20. Ra7 Rd8 21. Qb3
Nf5 22. bxc6 Qxc6 23. Qa4 e5 24. Qxc6 bxc6 25. g4 Nh4 26. Kf2 exf4 27. exf4 f5
28. Kg3 Bxd4 29. Kxh4 Bxc5 30. Rb7 Rf7 31. Rxf7 Kxf7 32. Nd7 Rxd7 33. gxf5 gxf5
34. Kg5 Bd4 35. Kxf5 c5 36. Rf3 Bg7 37. Rh3 h6 38. Ra3 c4 39. Rg3 c3 40. Rd3 d4
41. Ba3 Ra7 42. Bb4 Rb7 43. Ba3 Rb3 44. Bd6 Rb6 45. Ba3 Ra6 46. Bb4 Ra4 47.
Bxc3 dxc3 48. Rd7+ Kg8 49. Rd8+ Kh7 50. Rc8 Ra5+ 51. Ke4 Kg6 52. Rc6+ Bf6 53.
h3 Ra4+ 54. Ke3 Kf5 55. Rc5+ Ke6 56. Rc6+ Ke7 57. Kf3 h5 58. Ke3 h4 59. f5 Ra1
60. Re6+ Kf7 61. Rc6 Rh1 62. Rc7+ Kf8 63. Ke4 Rxh3 64. Kd5 Re3 65. Rc8+ Kf7 66.
Rc7+ Re7 0-1

[Event "Beijing Sportaccord blindfold"]
[Site "Beijing"]
[Date "2011.12.16"]
[Round "7"]
[White "Kamsky, Gata"]
[Black "Almasi, Zoltan"]
[Result "0-1"]
[WhiteElo "2732"]
[BlackElo "2707"]
[PlyCount "80"]
[EventDate "2011.12.14"]
[EventType "swiss (rapid)"]
[EventRounds "7"]
[EventCountry "CHN"]
[SourceTitle "CBM 145 Extra"]
[Source "ChessBase"]
[SourceDate "2012.01.03"]
[SourceVersion "1"]
[SourceVersionDate "2012.01.03"]
[SourceQuality "1"]

1. e4 e5 2. Nf3 Nc6 3. Bb5 Nf6 4. O-O Nxe4 5. d4 Nd6 6. Bxc6 dxc6 7. dxe5 Nf5
8. Qxd8+ Kxd8 9. Rd1+ Ke8 10. Nc3 Ne7 11. h3 Ng6 12. b3 Be7 13. Ne4 a5 14. a4
Bf5 15. Re1 Rd8 16. Bb2 Nf4 17. Bc3 Bb4 18. Bxb4 axb4 19. a5 Ne6 20. Nfd2 Ke7
21. Nc4 Rd4 22. Ng3 Bg6 23. Ne3 Kd7 24. Rad1 c5 25. Ne2 Kc6 26. f4 Re4 27. Nd5
Re8 28. g4 Nd4 29. Nxb4+ cxb4 30. Nxd4+ Kc5 31. Rxe4 Bxe4 32. Kf2 Ra8 33. e6
Bd5 34. exf7 Bxf7 35. Nf5 Rxa5 36. Rd7 Be6 37. Rxc7+ Kb6 38. Rxg7 Bxf5 39. gxf5
Rxf5 40. Rg6+ hxg6 0-1

[Event "Tata Steel-A 74th"]
[Site "Wijk aan Zee"]
[Date "2012.01.21"]
[Round "7"]
[White "Kamsky, Gata"]
[Black "Navara, David"]
[Result "1-0"]
[WhiteElo "2732"]
[BlackElo "2712"]
[Annotator "Kritz,L"]
[PlyCount "93"]
[EventDate "2012.01.14"]
[EventType "tourn"]
[EventRounds "13"]
[EventCountry "NED"]
[EventCategory "21"]
[SourceTitle "CBM 147"]
[Source "ChessBase"]
[SourceDate "2012.03.16"]
[SourceVersion "1"]
[SourceVersionDate "2012.03.16"]
[SourceQuality "1"]

1. e4 e5 2. Nf3 Nc6 3. Bb5 Nf6 4. O-O Nxe4 5. d4 Nd6 6. Bxc6 dxc6 7. dxe5 Nf5
8. Qxd8+ Kxd8 9. h3 Ke8 10. Nc3 h5 11. Bf4 ({Wenig bringt} 11. Ne2 Be6 12. Nf4
Bd5 $1 {Schwarz bekommt eine problemlose Stellung.} 13. Nxd5 (13. Ng5 Be7 $15)
13... cxd5 14. Bf4 c6 15. g3 Be7 16. Rfe1 Rg8 17. g4 hxg4 18. hxg4 Nh6 19. Nh2
g5 20. Be3 Kd7 21. Rad1 Ke6 $132 {Bruzon - Miles (Varadero, 2000)}) 11... Be6 {
Ich denke, dass 11....Be7 besser ist. Nach Be6 muss Schwarz immer mit Ng5
rechnen.} (11... Be7 12. Rad1 Nh4 ({Spielbar ist auch} 12... Be6 $5 $146 {
Nach dem prinzipiellen} 13. Ng5 {gleicht Schwarz forciert aus:} Bc4 $1 14. Rfe1
Rd8 $1 15. Rxd8+ (15. b3 Ba6 16. Rxd8+ {->15.Rxd8}) 15... Bxd8 16. b3 Ba6 17.
e6 Bxg5 18. exf7+ Kxf7 19. Bxg5 Re8 $11) 13. Nd4 (13. Nxh4 $6 {Weiß kann nicht
besser stehen, besonders weil er nicht zu g4 kommt.} Bxh4 14. Ne2 Bd7 15. e6
Bxe6 16. Nd4 Bf6 17. Nxe6 fxe6 18. Bxc7 Rc8 19. Bf4 Ke7 $11 {Dominguez Perez -
Wang Yue (Wijk aan Zee, 2009)}) 13... Nf5 14. Nce2 Nxd4 $1 {Hat Schwarz die
Gelegenheit, den Springer abzutauschen, so soll er das ohne nachzudenken
machen! Der Grund dafür ist ganz einfach - Weiß hat Raumvorteil und eventuell
Initiative im Zentrum.} 15. Nxd4 (15. Rxd4 Bf5 16. Rd2 Rd8 17. Nd4 Bg6 $15)
15... a6 $1 {Und Weiß muss die Notbremse ziehen und e6 spielen.} 16. e6 (16.
Rfe1 c5 17. Nf3 Bf5 18. Rd2 Rd8 $15) 16... Bxe6 17. Nxe6 fxe6 18. Bxc7 Rc8 19.
Bb6 Bd8 20. Bd4 Bf6 $11 {Das Endspiel ist leicht Remis zu halten.}) 12. Rfd1
Be7 13. Ng5 $1 {Das ist eigentlich die einzige Chance von Weiß - er muss einen
der schwarzen Läufer nehmen.} Rh6 $2 {Es ist schwer zu glauben, dass die
Stellung immer noch ausgeglichen bleibt, nach dem Schwarz mit dem Turm auf e6
nimmt.} (13... Bc4 14. b3 Ba6 15. Nce4 $5 {und nun kann Schwarz nicht Rd8
spielen:} (15. e6 Bxg5 16. exf7+ Kxf7 17. Bxg5 Nd6 18. Rd4 $14) 15... Nh4 (
15... b6 16. e6 f6 17. Nf7 Rh7 18. Bxc7 $18) (15... Rd8 16. e6 $1 fxe6 17. Nxe6
Rxd1+ 18. Rxd1 $18 {Keine Verteidigung gegen Nxc7}) 16. c4 $14 {Der Läufer auf
a6 sieht nicht toll aus.}) (13... Bxg5 {Das kommt immer in Frage, aber die
Stellung von Weiß ist dann doch deutlich besser.} 14. Bxg5 Ne7 $1 {Sonst kommt
Rd2-Rad1...} 15. Rd2 Rd8 $1 {So schnell wie möglich muss Schwarz zumindest
einen Turm tauschen.} 16. Rxd8+ Kxd8 17. Rd1+ Ke8 18. Ne2 $14) 14. Nxe6 Rxe6
$16 {Wenn man sich nun fragt, warum Schwarz nicht einfach schlecht stehen soll,
findet man keine Antwort auf die Frage. Er hat einfach so seine stärkste Figur
getauscht und dafür nichts bekommen.} 15. Kf1 Rd8 16. Rxd8+ Bxd8 17. Ne4 Be7
18. Re1 {Weiß beeilt sich nicht - er hat alle Zeit der Welt. Sein Plan ist
klar - langsam aber sicher die Bauern am Königsflügel aufzurollen.} c5 $1 {
Das ist die beste Chance von Schwarz. Er will unter Umständen die weißen
Bauern mit seinem Turm angreifen.} 19. c4 Nd4 (19... Ra6 20. Nc3 Rb6 21. b3 $16
) 20. Nc3 {Der Springer verteidigt alles auf dem Damenfluegel. Ein anderes
Gegenspiel hat Schwarz nicht.} Ra6 21. Rd1 {Weiss will Be3 und danach Ke2
spielen. Schwarz muss sofort etwas machen, und er findet seine beste Chance.}
c6 $1 {Die Idee ist b5-b4!} 22. Be3 b5 23. a3 $1 {Die Beste Chance, auf den
Sieg zu spielen.} (23. Bxd4 cxd4 24. cxb5 (24. Rxd4 $1 b4 25. Ne4 Rxa2 26. b3
a5 $17) 24... cxb5 (24... dxc3 25. bxa6 cxb2 26. Ke2 $18) 25. Rxd4 b4 26. Nd5
Rxa2 27. Nxe7 Kxe7 28. Rxb4 g5 {/\Ke6-a5-a4-a3. Das Endspiel ist Remis.}) 23...
b4 (23... bxc4 24. Bxd4 cxd4 25. Rxd4 Rb6 26. Na4 Rb5 27. Rxc4 $16) 24. axb4
cxb4 25. Bxd4 bxc3 26. Bxc3 Ra4 27. Ke2 {Hier hatte Weiss gute Alternativen.} (
27. b3 Ra3 28. Rb1 Bc5 29. f4 a5 30. Bd2 Ra2 $44) (27. Rd4 $5 Bb4 28. Rd3 (28.
Bxb4 Rxb4 $11) 28... Bc5 (28... Bxc3 29. Rxc3 Ke7 30. Ke2 Ke6 31. f4 g5 32. Ke3
gxf4+ 33. Kxf4 $14) 29. b3 Ra2 30. Bd2 $14) 27... Rxc4 28. Ra1 Bc5 29. g3 $1 {
Nun droht Kd3 mit Turmgewinn.} (29. Kd3 Rf4 30. f3 h4 $11) 29... Bb6 {Schwarz
hat keine Wahl, er muss seine Figuren sehr passiv stellen.} 30. Kd3 Rc5 31. f4
{Weiss hat keinen materiellen Vorteil, aber seine Figuren stehen alle sehr
aktiv.} Rb5 (31... Rd5+ 32. Ke4 $16 {/\g4-f5.}) 32. b4 {Die Idee dieses Zuges
ist es, dem Turm alle Felder zu nehmen und auch a5 zu verhindern.} (32. Ke4 $5
{Sieht stark aus.} g6 33. g4 hxg4 34. hxg4 $16) 32... g6 33. g4 hxg4 34. hxg4
Kd7 35. f5 gxf5 36. gxf5 {Weiss hat das Maximum erreicht, jetzt waere Zeit
fuer die Realization gekommen, doch Schwarz hilft Weiss dabei gewaltig.} c5 $2
({Nach} 36... Ke8 $1 {haette Weiss noch zeigen muessen, wie er die schwarze
Verteidigung brechen kann.}) 37. Kc4 Kc6 (37... cxb4 38. Kxb5 bxc3 39. Kc4 Kc6
40. Ra3 $1 $18) 38. Rd1 $1 {Schwarz verliert forciert.} Bc7 (38... cxb4 39.
Rd6+ Kb7 40. Kxb5 bxc3 41. Rd1 $1 (41. Rc6 $4 a6+ $19) 41... Be3 42. Rd7+ Kc8 (
42... Kb8 43. e6 fxe6 44. fxe6 c2 45. e7 $18) 43. Rd3 $18) 39. Rd5 {Und
Schwarz verliert den Bauer, und mit dem Bauer auch die Partie.} a6 40. Rxc5+
Rxc5+ 41. bxc5 a5 42. f6 {Es droht e6.} Kd7 43. Kd5 a4 44. c6+ Kd8 45. Bb4 {
Keine Chance fuer Schwarz.} Bb8 46. e6 Ke8 47. Bd6 1-0

[Event "Tata Steel-A 74th"]
[Site "Wijk aan Zee"]
[Date "2012.01.27"]
[Round "11"]
[White "Kamsky, Gata"]
[Black "Nakamura, Hikaru"]
[Result "1/2-1/2"]
[WhiteElo "2732"]
[BlackElo "2759"]
[Annotator "Marin,M"]
[PlyCount "88"]
[EventDate "2012.01.14"]
[EventType "tourn"]
[EventRounds "13"]
[EventCountry "NED"]
[EventCategory "21"]
[SourceTitle "CBM 147"]
[Source "ChessBase"]
[SourceDate "2012.03.16"]
[SourceVersion "1"]
[SourceVersionDate "2012.03.16"]
[SourceQuality "1"]

1. e4 c5 2. Nf3 d6 3. d4 cxd4 4. Nxd4 Nf6 5. Nc3 g6 6. Be3 Bg7 7. f3 O-O 8. Qd2
Nc6 9. O-O-O d5 10. exd5 Nxd5 11. Nxc6 bxc6 12. Bd4 Bxd4 13. Qxd4 Qb6 14. Na4
Qc7 {This is the second most popular continuation.} (14... Qa5 {is by far the
most frequent move. See for instance} 15. b3 Qc7 {Howell,D (2611)-McShane,L 
(2645)/London 2010/CBM 140/[McShane] (1/2, 38)}) 15. Bc4 Rb8 $5 $146 ({Before
this game,} 15... Rd8 {was almost exclusively played. Here is the most recent
example:} 16. Bb3 Be6 17. Nc5 Nf4 18. Nxe6 Nxe6 19. Qe3 Nf4 20. g3 Nd5 21. Qg5
e6 22. Rd4 Rd7 23. Rhd1 {1/2 Adams,M (2715)-Nielsen,P (2681)/Khanty-Mansiysk
2011/CBM 145}) 16. Rhe1 {This centralising move will cost White a pawn.} Rb4
17. b3 Qxh2 18. a3 Rb7 {Playing safe.} ({I would be tempted to try} 18... Rxa4
19. bxa4 Qxg2 $44) 19. Nc5 Rc7 20. g4 Qf4+ 21. Qxf4 Nxf4 22. b4 Kg7 {Both
sides have wonderful knights, and there is certain symmetry in the position.
With one exception, though: Black is a pawn up.} 23. Ba6 Ne6 24. Nxe6+ (24.
Bxc8 Nxc5 $1) 24... Bxe6 25. Re5 Rh8 26. Rc5 h5 $15 27. Be2 Rd7 (27... h4 $15)
(27... hxg4 28. fxg4 Rh3 $15) 28. Rh1 hxg4 29. Rxh8 Kxh8 30. fxg4 Bd5 31. b5
Rd6 (31... cxb5 32. Bxb5 Rd6 33. Rc7 $132) 32. c4 Bg2 33. a4 Kg7 34. a5 cxb5
35. cxb5 Rd7 36. Bc4 e6 37. Kc2 Kf6 38. g5+ Ke7 39. Kc3 Kd6 40. Kb4 Re7 41. Rc8
Rb7 42. a6 Rd7 43. Bb3 Rc7 44. Rxc7 Kxc7 1/2-1/2

[Event "USA-ch"]
[Site "Saint Louis"]
[Date "2012.05.10"]
[Round "3"]
[White "Kamsky, Gata"]
[Black "Onischuk, Alexander"]
[Result "1-0"]
[WhiteElo "2741"]
[BlackElo "2660"]
[Annotator "Let's Check"]
[PlyCount "95"]
[EventDate "2012.05.08"]
[EventType "tourn"]
[EventRounds "11"]
[EventCountry "USA"]
[EventCategory "16"]
[SourceTitle "CBM 149"]
[Source "ChessBase"]
[SourceDate "2012.07.17"]
[SourceVersion "1"]
[SourceVersionDate "2012.07.17"]
[SourceQuality "1"]

1. d4 Nf6 2. Bf4 e6 3. e3 c5 4. c3 b6 5. Nf3 Bb7 6. h3 Be7 7. Nbd2 cxd4 8. cxd4
O-O 9. a3 d6 10. Be2 Nbd7 11. O-O Rc8 12. Bh2 Ne4 13. Nxe4 Bxe4 14. Ba6 Rc7 15.
Nd2 Bc6 16. Qe2 Qa8 17. e4 Bb7 18. Bd3 e5 19. Nc4 b5 20. Na5 exd4 21. Bxb5 Ne5
22. Nxb7 Qxb7 23. Rac1 Rxc1 24. Rxc1 Rc8 25. Rd1 Qb6 26. a4 h6 27. Bg3 Qc5 28.
Kh2 Bf6 29. f4 Ng6 30. Bd3 h5 31. b4 Qxb4 32. Qxh5 Qxa4 33. e5 dxe5 34. fxe5
Rc5 35. Re1 Nf8 36. Qg4 Be7 37. Rb1 Qd7 38. Bf5 Qd5 $6 (38... Ne6 39. Rb8+ Rc8
$11) 39. Rb8 $16 g6 $6 (39... Qc6 40. Qxd4 Qd5 $16) 40. Re8 $18 Rc7 41. Bxg6
fxg6 42. Qxg6+ Kh8 43. e6 Rb7 44. Qf7 $1 Rb2 $6 (44... Bd6 45. Rxf8+ Bxf8 $18)
45. Rxf8+ $18 Bxf8 46. Qxf8+ Kh7 47. Qf7+ Kh8 48. Qe8+ 1-0

[Event "USA-ch"]
[Site "Saint Louis"]
[Date "2012.05.12"]
[Round "5"]
[White "Kamsky, Gata"]
[Black "Akobian, Varuzhan"]
[Result "1-0"]
[WhiteElo "2741"]
[BlackElo "2625"]
[Annotator "Let's Check Training"]
[PlyCount "99"]
[EventDate "2012.05.08"]
[EventType "tourn"]
[EventRounds "11"]
[EventCountry "USA"]
[EventCategory "16"]
[SourceTitle "CBM 149"]
[Source "ChessBase"]
[SourceDate "2012.07.17"]
[SourceVersion "1"]
[SourceVersionDate "2012.07.17"]
[SourceQuality "1"]

1. e4 e5 2. Nf3 Nc6 3. Bb5 Nf6 4. O-O Nxe4 5. d4 Nd6 6. Bxc6 dxc6 7. dxe5 Nf5
8. Qxd8+ Kxd8 9. Rd1+ Ke8 10. Nc3 h6 11. b3 Ne7 12. h3 Ng6 13. Ne2 a5 14. a4
Be6 15. Bb2 Bc5 16. Nd2 Rd8 17. Ne4 Rxd1+ 18. Rxd1 Be7 19. f3 h5 20. Kf2 Bd5
21. N4g3 Bc5+ 22. Bd4 Bf8 23. c4 Be6 24. Ne4 b6 25. Bc3 c5 26. Bb2 Be7 27. N2c3
c6 28. Nd6+ Kf8 29. Nce4 h4 30. Nb7 Ke8 31. Nf6+ gxf6 32. exf6 Rg8 33. Ke3 Nf8
34. Rd2 Nd7 35. fxe7 Kxe7 36. Nd6 f6 37. Kf4 Nf8 38. Bc3 Ng6+ 39. Ke4 Nf8 40.
Ke3 Rg6 41. Kf2 Rg8 42. Ne4 Nh7 43. Kf1 Rg6 44. Re2 Nf8 45. f4 Nd7 46. Be1 Rh6
47. f5 $1 Bf7 48. Bd2 Rh8 {[%tqu "En","","","","e4f6","",10]} 49. Nxf6+ $1 Kd8
(49... Kxf6 50. Bc3+ Kxf5 $18) 50. Bg5 $18 1-0

[Event "USA-ch"]
[Site "Saint Louis"]
[Date "2012.05.15"]
[Round "7"]
[White "Kamsky, Gata"]
[Black "Stripunsky, Alexander"]
[Result "1-0"]
[WhiteElo "2741"]
[BlackElo "2562"]
[Annotator "Let's Check"]
[PlyCount "127"]
[EventDate "2012.05.08"]
[EventType "tourn"]
[EventRounds "11"]
[EventCountry "USA"]
[EventCategory "16"]
[SourceTitle "CBM 149"]
[Source "ChessBase"]
[SourceDate "2012.07.17"]
[SourceVersion "1"]
[SourceVersionDate "2012.07.17"]
[SourceQuality "1"]

1. e4 c6 2. d4 d5 3. Nc3 dxe4 4. Nxe4 Nd7 5. Bd3 Ndf6 6. Ng5 h6 7. N5f3 Bf5 8.
Bxf5 Qa5+ 9. c3 Qxf5 10. Qb3 Qc8 11. Ne5 e6 12. Ngf3 Bd6 13. Bf4 Bxe5 14. Bxe5
Ne7 15. h3 Qd7 16. O-O O-O 17. a4 Ng6 18. Bh2 a5 19. Rad1 b5 20. Qc2 Rfd8 21.
Rfe1 Nd5 22. b3 Rac8 23. Ra1 Ra8 24. Nd2 Nde7 25. Ne4 Qd5 26. Rad1 Nf5 27. Rd2
Nfh4 28. f3 Rac8 29. Nc5 Qg5 30. Kh1 Rd5 31. Ne4 Qd8 32. Red1 Nf5 33. Bg1 Nf4
34. Bf2 Qe7 35. c4 bxc4 36. bxc4 Rdd8 37. Qc3 Ra8 38. Rb1 Nd6 39. Bg3 Nxe4 40.
fxe4 e5 41. d5 Rac8 42. Rbd1 cxd5 43. exd5 Qc5 44. Bxf4 exf4 45. Rd4 Rd6 46.
Qd3 g5 47. Re4 Kg7 48. Rb1 Qf2 49. Rf1 Qc5 50. h4 $5 Rb8 51. Qc3+ Kg6 52. Qe5
$6 (52. h5+ Kh7 53. Qd4 $18) 52... Rbd8 $2 (52... Rdb6 53. h5+ $1 Kh7 $16) 53.
h5+ (53. Rexf4 $1 gxf4 54. Rxf4 $18) 53... Kh7 54. Rb1 Qc8 55. Kg1 Qg4 56. Rd4
Qxh5 $2 (56... Qd7 57. Qe2 Kg7 $16) 57. c5 $18 Qg6 58. Rc1 Rf6 59. c6 Rf5 $6 (
59... Rfd6 60. c7 Rc8 $18) 60. Qe4 $18 g4 61. c7 Rc8 62. d6 f3 63. d7 Qh5 64.
dxc8=Q 1-0

[Event "USA-ch"]
[Site "Saint Louis"]
[Date "2012.05.16"]
[Round "8"]
[White "Lenderman, Aleksandr"]
[Black "Kamsky, Gata"]
[Result "0-1"]
[WhiteElo "2587"]
[BlackElo "2741"]
[Annotator "Let's Check"]
[PlyCount "88"]
[EventDate "2012.05.08"]
[EventType "tourn"]
[EventRounds "11"]
[EventCountry "USA"]
[EventCategory "16"]
[SourceTitle "CBM 149"]
[Source "ChessBase"]
[SourceDate "2012.07.17"]
[SourceVersion "1"]
[SourceVersionDate "2012.07.17"]
[SourceQuality "1"]

1. d4 d5 2. c4 c6 3. Nf3 Nf6 4. Nc3 a6 5. c5 g6 6. h3 Bg7 7. Bf4 Bf5 8. Qb3 Qc8
9. Nh4 Be6 10. Na4 Nbd7 11. e3 Ne4 12. Nf3 h6 13. Bd3 f5 14. Rc1 g5 15. Bh2 Bf7
16. Rc2 O-O 17. Nb6 Nxb6 18. Qxb6 Bh5 19. Be5 Nf6 20. Qc7 Nd7 21. Qxc8 Raxc8
22. Bxg7 Kxg7 23. Be2 Bxf3 24. Bxf3 e5 25. b4 Rce8 26. O-O Kg6 27. a4 h5 28. g3
g4 29. hxg4 hxg4 30. Bg2 exd4 31. exd4 Nf6 32. b5 a5 33. Rb1 f4 34. gxf4 Nh5
35. bxc6 bxc6 36. Rb6 $2 (36. Bf1 Nxf4 37. Rd2 $17) 36... Re1+ $19 37. Bf1 Rf6
$6 (37... Nxf4 38. Rb3 Rh8 $19) 38. Re2 Rd1 39. f5+ Kxf5 40. Re5+ Kg6 41. Rb8 (
41. Rb2 Nf4 42. Re8 $19) 41... Ng3 $5 42. Rg8+ Kf7 43. Rxg4 Nxf1 44. Kg2 Nd2
0-1

[Event "USA-ch"]
[Site "Saint Louis"]
[Date "2012.05.17"]
[Round "9"]
[White "Kamsky, Gata"]
[Black "Seirawan, Yasser"]
[Result "1-0"]
[WhiteElo "2741"]
[BlackElo "2643"]
[Annotator "Ftacnik,L"]
[PlyCount "69"]
[EventDate "2012.05.08"]
[EventType "tourn"]
[EventRounds "11"]
[EventCountry "USA"]
[EventCategory "16"]
[SourceTitle "CBM 149"]
[Source "ChessBase"]
[SourceDate "2012.07.17"]
[SourceVersion "1"]
[SourceVersionDate "2012.07.17"]
[SourceQuality "1"]

1. e4 c6 2. d4 d5 3. Nc3 dxe4 4. Nxe4 Bf5 5. Ng3 Bg6 6. h4 h6 7. Nf3 Nd7 8. h5
Bh7 9. Bd3 Bxd3 10. Qxd3 e6 11. Bd2 Ngf6 12. O-O-O Be7 13. Ne4 Nxe4 14. Qxe4
Nf6 15. Qd3 O-O 16. Kb1 c5 17. g4 $5 {Kamsky is one of the best players in the
world, so it is not a secret for him that only a speedy kingside attack might
shatter solid black defences.} Nxg4 18. Qe2 {[%mdl 4] Even the great stars
find it difficult to keep the same level of alertness in all lines. White was
unsure, if he could afford to sacrifice the house with the obvious move 18.
Rhg1!? and chooses the much more timid queen move instead.} (18. Rhg1 $5 f5 (
18... Nxf2 19. Qe2 Nxd1 20. Bxh6 Kh7 21. Bxg7 Rg8 22. Qe4+ (22. h6 Nc3+ (22...
Qd5 23. Rxd1 $16) 23. bxc3 cxd4 24. Nxd4 $16) 22... f5 23. Qxe6 Nc3+ 24. Ka1
Rxg7 25. Rg6 Bg5 26. Rxg7+ Kxg7 27. Qg6+ Kf8 28. Nxg5 Qd5 $11 {1/2-1/2 Schramm,
C (2371)-Kreisl,R (2406)/Austria 2012 (39)}) 19. Qe2 (19. Rde1 Qd5 20. c4 Qd6 (
20... Qd7 21. d5 Rad8 22. Qe2 Bf6 23. Qxe6+ Qxe6 24. Rxe6 b5 25. cxb5 Rxd5 26.
Bc3 Bxc3 27. bxc3 Nxf2 $11 {1-0 Salai,L (2440)-Danielsen,H (2495)/Yerevan 1996
(45)}) 21. d5 exd5 22. Bf4 Qd7 23. Ne5 Nxe5 24. Rxe5 Bf6 25. Rxd5 Qe8 26. Bd6
$16 {1-0 Chandler,M (2485)-Lobron,E (2480)/Amsterdam 1983 (58)}) 19... Qd5 20.
Ne5 cxd4 21. Ng6 Rf7 22. f3 Nf6 23. Bxh6 Bd6 24. Bxg7 Kh7 25. h6 $18 {1-0 Ni
Hua (2710)-Ruck,R (2574)/Beijing 2008 (33)}) 18... Kh8 $2 {Seirawan is trying
for a small comeback to the big scene after several years of minimal
engagement. He is unsure what is the best defence just like his colleagues,
but the king move is simply a loss of a tempo.} (18... cxd4 19. Rhg1 d3 20.
cxd3 f5 21. Qxe6+ Kh8 22. Bc3 Bf6 23. Nh4 Bxh4 24. Rxg4 Bf6 25. Rxg7 Kxg7 26.
Rg1+ Kh8 27. Rg8+ Kh7 28. Qxf5+ {1/2-1/2 Fercec,N (2476)-Petrov,J (2419)/Pula
1999}) (18... Qd5 19. Ne5 Nf6 20. f3 cxd4 21. Rdg1 Kh7 22. Bf4 d3 23. Qg2 Ne8
24. Rd1 Qd4 25. Qh2 Nf6 26. Rxd3 Qa4 $11 {0-1 Ginsburg,G (2483)-Fridman,D 
(2592)/Zuerich 2003 (66)}) (18... Qb6 19. Rhg1 f5 20. Ne5 cxd4 (20... Nxe5 21.
dxe5 Kh8 22. Rg6 Rf7 23. Rdg1 Rd8 24. Bf4 Qb4 25. Qe3 Qe4 26. Qg3 {1-0 Fluvia
Poyatos,J (2482)-Alonso Rosell,A (2502)/Sabadell 2011 (34)} Bg5 $14) 21. Nd7
Qa6 22. Qe1 Rf7 23. f3 Rd8 24. fxg4 Rxd7 25. gxf5 exf5 26. Bf4 d3 $17 {0-1
Paikidze,N (2416)-Girya,O (2371)/Chennai 2011 (46)}) 19. Rhg1 Nf6 20. dxc5 Qc7
(20... Bxc5 $2 21. Bxh6 $18) 21. Ne5 Bxc5 {Black would be suffering everywhere,
so it made sense for him to play the logical continuation.} (21... Qxc5 22. Bc3
$1 Nd5 (22... Rac8 23. Nd7 Qxh5 24. Qxh5 Nxh5 25. Nxf8 Bxf8 26. Rd7 $16) 23.
Bd4 Qc7 24. c4 Nf4 25. Qe4 Bg5 26. Be3 f5 27. Bxf4 fxe4 28. Ng6+ Kg8 29. Bxc7
$18) 22. Bxh6 $1 gxh6 23. Rd7 $1 {This small combination is far from obvious
as the key idea is not exactly spectacular. Under the pain of extinction Black
decided to give up the queen in order to keep the chance for some resistance.}
Qxd7 (23... Nxd7 24. Qd2 Kh7 25. Ng4 $18) 24. Nxd7 Nxd7 25. Qd2 Kh7 26. b4 $5 {
White has such a pleasant choice that he can try for the maximum. The defender
will be robbed of any real chances, but keeps kicking the best he can.} (26.
Qxd7 Bxf2 27. Rf1 Kg7 28. Qxb7 Be3 29. c4 $18) 26... Rad8 (26... Bb6 27. Qxd7
Bxf2 28. Rf1 $18) 27. bxc5 Nf6 (27... Nxc5 28. Qf4 Nd7 29. Rd1 $18) 28. Qf4 Ne8
29. Qe4+ Kh8 30. Qxb7 {Seirawan is still struggling to coordinate his forces,
but his pawns are disappearing like premature snow.} Ng7 31. Qxa7 Rc8 32. Rd1
Nf5 33. Rd7 Kg7 34. a4 Kf6 35. a5 (35. a5 Ra8 36. Rxf7+ $18) 1-0